00533 2200181 4500001002100000005001500021035002000036245006300056100002900119300002100148700002900169260005100198082001100249084001500260020002200275600002900297990002500326INLIS00000000000082220251209092920 a0010-12250000091 aKiat Sukses Bisnis di Internet /cTutang da Ismulyana Djan0 aTutang da Ismulyana Djan a144 hlm ;c21 cm0 aTutang da Ismulyana Djan aJakarta :bD@TAKOM LISTAS BUANA JAKARTA,c2010 a658.84 a658.84 TUT a978-979-3214-92-4 4aTutang da Ismulyana Djan a2010/SMKMIRI/433/001